01066nam a22001937a 4500003000900000008004100009040007100050082001700121100002700138245010400165260003900269300003700308440002800345505041000373650002200783650002700805650001100832710002900843AR-CdUCM190314b           ||||| |||| 00| 0 spa d  aMUNICIPALIDAD PROVINCIAL DEL CUSCOcBIBLIOTECA MUNICIPAL DEL CUSCO  a985.6 /bT17  aTamayo Herrera, José  aHistoria General del Qosqo :bUna historia regional desde el periodo lítico hasta el año 2000 /  aQosqo-Perú :bMercantil ;c1992.  a3 tomos ;bFotografías,c27cm.  aMunicipalidad del Qosqo  aContenido: t.1 El espacio cusqueño -- La arqueología del Qosqo pre-inka -- El Qosqo inkaiko -- La época de la dependencia -- El periodo colonial cusqueño... -- t.2 El proceso de liberación en el Qosqo -- El Qosqo republicano 1825-1992... t.3 La historia política de la Época Republicana 1825-1991 -- La historia intelectual del Qosqo republicano -- La historia social del Qosqo republicano.   aHistoria de Cusco  aHistoria de los incas   aIncas   aMunicipalidad del Qosqo 